Diccionario médico Labor para la familia / (Record no. 108306)

MARC details
000 -LEADER
campo de control de longitud fija 00795nam a2200217 i 4500
001 - NÚMERO DE CONTROL
campo de control 108306
003 - IDENTIFICADOR DE NÚMERO DE CONTROL
campo de control ES-MaACL
005 - FECHA Y HORA DE LA ÚLTIMA TRANSACCIÓN
campo de control 20230906184623.0
007 - CAMPO FIJO DE DESCRIPCIÓN FÍSICA--INFORMACIÓN GENERAL
campo de control de longitud fija t|
008 - DATOS DE LONGITUD FIJA--INFORMACIÓN GENERAL
campo de control de longitud fija 061121s1962 sp r ||||1| spa d
100 1# - ENTRADA PRINCIPAL--NOMBRE DE PERSONA
Nombre de persona Mommsen, H.
9 (RLIN) 82080
245 10 - MENCIÓN DEL TÍTULO
Título Diccionario médico Labor para la familia /
Mención de responsabilidad, etc. publicado bajo la dirección de H. Mommsen; con la colaboración de H. Bender, H.E. Bose, H. Dieterle; traducción española revisada por Santiago Vilahur Pedrals.
260 ## - PUBLICACIÓN, DISTRIBUCIÓN, ETC.
Lugar de publicación, distribución, etc. Barcelona :
Nombre del editor, distribuidor, etc. Labor,
Fecha de publicación, distribución, etc. 1962.
300 ## - DESCRIPCIÓN FÍSICA
Extensión 815 p., 41 lám :
Otras características físicas il. ;
Dimensiones 25 cm.
650 04 - PUNTO DE ACCESO ADICIONAL DE MATERIA--TÉRMINO DE MATERIA
Término de materia o nombre geográfico como elemento de entrada Medicina-
Subdivisión de forma Diccionarios.
9 (RLIN) 14897
700 1# - ENTRADA AGREGADA--NOMBRE PERSONAL
Nombre de persona Bender, H.
9 (RLIN) 27474
700 1# - ENTRADA AGREGADA--NOMBRE PERSONAL
Nombre de persona Bose, H.E.
9 (RLIN) 30680
700 1# - ENTRADA AGREGADA--NOMBRE PERSONAL
Nombre de persona Dieterle, H.
9 (RLIN) 44619
700 1# - ENTRADA AGREGADA--NOMBRE PERSONAL
Nombre de persona Vilahur Pedrals, Jaime.
9 (RLIN) 114765
852 ## - LOCALIZACIÓN
Ubicación ES-MaACL
Número de control de estantería C-21540
Sublocalización o colección R.50039
Holdings
Estatus retirado Estado de pérdida Estado de daño No para préstamo Colección Biblioteca de origen Biblioteca actual Ubicación en estantería Fecha de adquisición Fuente de adquisición Total de préstamos Signatura topográfica completa Código de barras Visto por última vez Precio de reemplazo Tipo de ítem Koha
        Colección de referencia Biblioteca del Ateneo de Madrid Biblioteca del Ateneo de Madrid Galería 17/01/2008     C-21540 1113013 23/02/2023 23/02/2023 Libro impreso